000 00312pam a2200121 a 4500
020 _c
041 _aeng
100 _aTennessere.
245 _aSweet Bird Of Yong Astreeteals Mamed Desire Theyass Meanagerie
_hTextual Documents
260 _aNew York
_bPenguin Books Ltd
_c1977
300 _a313p.
930 _a15593
999 _c92493
_d92493